000 00484nam a2200181Ia 4500
001 22610
005 20260414150842.0
008 260414t2006||||xx |||||||||||||| ||spa||
041 _aESP
082 _a621.3822
_bB45
100 _aBeltran Albertí, Eduard
_eAUT
245 0 _aProcesado digital de señales :
_bfundamentos para comunicaciones y control - I
260 _c2006
300 _a2010 páginas :
_c276 p.
650 _aTCA
654 _aCET
942 _cLIB
_dJUS
_fJUS
_2ddc
_n
999 _c22610
_d22610